1072 1124 1685 1818 1038 1243 1301 1644 1003 1579 1526 1942 1473 1424 1836 1066 1207 1948 1930 1613 1500 1527 1843 1980 1780 1129 1845 1939 1288 1554 1686 1031 1813 1786 1744 1710 1254 1044 1408 1943 1582 1493 1144 1745 1795 1556 1919 1373 1567 1472 1557 1555 1418 1910 1624 1013 1925 1633 1939 1501 1676 1213 1646 1324 1746 1525 1978 1115 1679 1221 1877 1509 1743 1871 1520 1415 1430 1789 1214 1289 1911 1264 1894 1284 1404 1875 1741 1083 1526 1165 1326 1241 1208 1833 1143 1383 1936 1942 1026 BCNSPRNW ULIB Ver.6.0+V

เปลี่ยนเป็นภาษาไทย

Change to English
 แสดงรายละเอียดบรรณานุกรม
  กลับหน้าหลัก

Brief Record : Get Marc (ISO 2709) : E-mail record : QR code < ปิดหน้าต่าง
LEADER : 00000nam 2200000uu 4500
001    13399128130
003     ULIB
008    220622s2564||||th 000 0 tha d
020    ^a9789740340072
060 04 ^aWM171.5^bส661ศ
100 0  ^aสายฝน เอกวรางกูร
245 10 ^aศาสตร์และศิลป์การบำบัดดูแลผู้สูงอายุที่มีภาวะซึมเศร้า /^cสายฝน เอกวรางกูร
250    ^aพิมพ์ครั้งที่ 1
260    ^aกรุงเทพฯ :^bสำนักพิมพ์จุฬาลงกรณ์มหาวิทยาลัย,^c2564
300    ^a231 หน้า :^bภาพประกอบ ;^c26 ซม.
504    ^aมีบรรณานุกรมและดัชนี
650  4 ^aการพยาบาลจิตเวชศาสตร์
650  4 ^aจิตเวชศาสตร์ผู้สูงอายุ
650  4 ^aภาวะซึมเศร้า
650  4 ^aโรคซึมเศร้า
650  4 ^aผู้สูงอายุ^zการดูแล
650  4 ^aผู้ป่วยจิตเวช
650  4 ^aผู้ป่วยจิตเวช^xการดูแล
650  4 ^aผู้สูงอายุ^xสุขภาพจิต
945    ^p280^l0^i009036
945    ^p280^l0^i009037
945    ^p280^l0^i009038
945    ^p280^l0^i009039
945    ^p280^l0^i009040
945    ^p280^l0^i009041
945    ^p280^l0^i009042
945    ^p280^l0^i009043
945    ^p280^l0^i009044
945    ^p280^l0^i009045
945    ^p280^l0^i009046
945    ^p280^l0^i009047
945    ^p280^l0^i009048
945    ^p280^l0^i009049
999    ^aประนอม เกษจรัล
รายการนี้ยังไม่มีแท็ก
คุณยังไม่ได้ล็อกอิน คุณสามารถมีกิจกรรมร่วมกับเว็บไซต์ได้ แต่ต้องล็อกอินก่อน ::
  ล็อกอิน

รายการสื่อสารสนเทศ

ลำดับที่ ประเภท เลขเรียก/บาร์โค้ด สถานที่ สถานะ
1. วิทยาศาสตร์การแพทย์ และสุขภาพ
หนังสือสำรอง
สถานะ=หนังสือสำรอง
WM171.5 ส661ศ ฉ.1 
  Barcode: 009036
ห้องสมุดวิทยาเขตสวรรค์ประชารักษ์
►หนังสือทั่วไป
บนชั้น
2. วิทยาศาสตร์การแพทย์ และสุขภาพ
วิทยาศาสตร์การแพทย์ และสุขภาพ
WM171.5 ส661ศ ฉ.10 
  Barcode: 009045
ห้องสมุดวิทยาเขตสวรรค์ประชารักษ์
►หนังสือทั่วไป
บนชั้น
3. วิทยาศาสตร์การแพทย์ และสุขภาพ
วิทยาศาสตร์การแพทย์ และสุขภาพ
WM171.5 ส661ศ ฉ.11 
  Barcode: 009046
ห้องสมุดวิทยาเขตสวรรค์ประชารักษ์
►หนังสือทั่วไป
บนชั้น
4. วิทยาศาสตร์การแพทย์ และสุขภาพ
วิทยาศาสตร์การแพทย์ และสุขภาพ
WM171.5 ส661ศ ฉ.12 
  Barcode: 009047
ห้องสมุดวิทยาเขตสวรรค์ประชารักษ์
►หนังสือทั่วไป
บนชั้น
5. วิทยาศาสตร์การแพทย์ และสุขภาพ
วิทยาศาสตร์การแพทย์ และสุขภาพ
WM171.5 ส661ศ ฉ.13 
  Barcode: 009048
ห้องสมุดวิทยาเขตสวรรค์ประชารักษ์
►หนังสือทั่วไป
บนชั้น
6. วิทยาศาสตร์การแพทย์ และสุขภาพ
วิทยาศาสตร์การแพทย์ และสุขภาพ
WM171.5 ส661ศ ฉ.14 
  Barcode: 009049
ห้องสมุดวิทยาเขตสวรรค์ประชารักษ์
►หนังสือทั่วไป
บนชั้น
7. วิทยาศาสตร์การแพทย์ และสุขภาพ
วิทยาศาสตร์การแพทย์ และสุขภาพ
WM171.5 ส661ศ ฉ.2 
  Barcode: 009037
ห้องสมุดวิทยาเขตสวรรค์ประชารักษ์
►หนังสือทั่วไป
บนชั้น
8. วิทยาศาสตร์การแพทย์ และสุขภาพ
วิทยาศาสตร์การแพทย์ และสุขภาพ
WM171.5 ส661ศ ฉ.3 
  Barcode: 009038
ห้องสมุดวิทยาเขตสวรรค์ประชารักษ์
►หนังสือทั่วไป
บนชั้น
9. วิทยาศาสตร์การแพทย์ และสุขภาพ
วิทยาศาสตร์การแพทย์ และสุขภาพ
WM171.5 ส661ศ ฉ.4 
  Barcode: 009039
ห้องสมุดวิทยาเขตสวรรค์ประชารักษ์
►หนังสือทั่วไป
บนชั้น
10. วิทยาศาสตร์การแพทย์ และสุขภาพ
วิทยาศาสตร์การแพทย์ และสุขภาพ
WM171.5 ส661ศ ฉ.5 
  Barcode: 009040
ห้องสมุดวิทยาเขตสวรรค์ประชารักษ์
►หนังสือทั่วไป
บนชั้น
11. วิทยาศาสตร์การแพทย์ และสุขภาพ
วิทยาศาสตร์การแพทย์ และสุขภาพ
WM171.5 ส661ศ ฉ.6 
  Barcode: 009041
ห้องสมุดวิทยาเขตสวรรค์ประชารักษ์
►หนังสือทั่วไป
บนชั้น
12. วิทยาศาสตร์การแพทย์ และสุขภาพ
วิทยาศาสตร์การแพทย์ และสุขภาพ
WM171.5 ส661ศ ฉ.7 
  Barcode: 009042
ห้องสมุดวิทยาเขตสวรรค์ประชารักษ์
►หนังสือทั่วไป
บนชั้น
13. วิทยาศาสตร์การแพทย์ และสุขภาพ
วิทยาศาสตร์การแพทย์ และสุขภาพ
WM171.5 ส661ศ ฉ.8 
  Barcode: 009043
ห้องสมุดวิทยาเขตสวรรค์ประชารักษ์
►หนังสือทั่วไป
บนชั้น
14. วิทยาศาสตร์การแพทย์ และสุขภาพ
วิทยาศาสตร์การแพทย์ และสุขภาพ
WM171.5 ส661ศ ฉ.9 
  Barcode: 009044
ห้องสมุดวิทยาเขตสวรรค์ประชารักษ์
►หนังสือทั่วไป
บนชั้น

รายการใกล้เคียง
    ผู้แต่ง [สายฝน เอกวรางกูร]

    หัวเรื่อง [การพยาบาลจิตเวชศาสตร์]
    หัวเรื่อง [จิตเวชศาสตร์ผู้สูงอายุ]
    หัวเรื่อง [ภาวะซึมเศร้า]
    หัวเรื่อง [โรคซึมเศร้า]
    หัวเรื่อง [ผู้สูงอายุ การดูแล]
    หัวเรื่อง [ผู้ป่วยจิตเวช]
    หัวเรื่อง [ผู้ป่วยจิตเวช การดูแล]

BibComment


ยังไม่เคยถูกคอมเมนท์

คอมเมนท์ทรัพยากรรายการนี้
  คอมเมนท์: ศาสตร์และศิลป์กา..


 Copyright 2026. Bcnsprnw @Library